Normale Ansicht MARC-Ansicht ISBD

Sicherheit auf finnisch : (Titelsatznr. 22683)

[ MARC ]
MARC-Details
000 -Satzkennung
Kontrollfeld mit fester Länge 00705nam a22002411c 4500
001 - Kontrollnummer
Kontrollfeld 019916051
008 - Feld mit fester Länge zur physischen Beschreibung - Allgemeine Angaben
Kontrollfeld mit fester Länge 051024s1972 gw |||| 000u ger d
020 ## - Internationale Standardbuchnummer
Internationale Standardbuchnummer 351200250
Verknüpfung 3-512-0025-0
041 ## - Sprachcode
Sprachcode des Textes/der Tonspur oder des separaten Titels ger
040 ## - Katalogisierungsquelle
Übertragungsstelle RU-10907106
003 - Kontrollnummer Identifier
Kontrollfeld RU-10907106
100 1# - Haupteintragung - Personenname
Personenname Ørvik, Nils
240 10 - Einheitstitel
Einheitstitel Finsk sikkerhet
245 00 - Titel
Titel Sicherheit auf finnisch :
Zusatz zum Titel Finnland und die Sowjetunion
264 ## - Produktion, Veröffentlichung, Distribution, Herstellung und Urheberrechtsvermerk
Herstellungs-, Veröffentlichungs- Vertriebs-, Erzeugungsort Stuttgart :
Produzent, Herausgeber, Distributor, Hersteller Seewald,
Datum der Herstellung, der Veröffentlichung, des Vertriebs oder des Urheberschutzvermerks 1972
300 ## - Physische Beschreibung
Umfang 210 S. : 21 cm
490 #0 - Gesamttitelangabe
Gesamttitelangabe Schriftenreihe der Studiengesellschaft für Zeitprobleme e.V. Bad Godesberg : Militärpolitik
Bandnummer/Folgebezeichnung 7
650 #0 - Nebeneintragung unter einem Schlagwort - Sachschlagwort
Sachschlagwort oder geografischer Name als Eintragungselement Außenpolitik
650 #0 - Nebeneintragung unter einem Schlagwort - Sachschlagwort
Sachschlagwort oder geografischer Name als Eintragungselement Sicherheitspolitik
651 #0 - Nebeneintragung unter einem Schlagwort - Geografischer Name
Geografischer Name Finnland
651 #0 - Nebeneintragung unter einem Schlagwort - Geografischer Name
Geografischer Name Sowjetunion
942 ## - Zusätzliche Felder (Koha)
Koha-Medientyp Monographien
Exemplare
Ausgeschieden Verloren Klassifikation oder Aufstellungssystematik Beschädigt Nicht entleihbar Heimatbibliothek Aufenthaltsbibliothek Aufstellungsort Erwerbungsdatum Inventarnummer Signatur Barcode Letzte Aktivität Preis gültig von Koha-Medientyp
    Andere/Generische Klassifikation     MWN Osteuropa MWN Osteuropa Lesesaal - 1 24/10/2005 05-08263 W 65 F c Orv E0040150790EF8D0 22/02/2021 22/03/2021 Monographien